000
00232nam a2200097Ia 4500
008
240331s9999 xx 000 0 und d
082
_a
300.1
_b
INT
100
_a
Coomaraswamy,R. ed
245
0
_a
Introduction to social theory
942
_c
L
999
_c
1066
_d
1066